| 000 | 01332cam a22002054a 4500 | ||
|---|---|---|---|
| 005 | 20250605164051.0 | ||
| 008 | 250528s ||||||||||||||||||||||||d | ||
| 035 | _a17266 | ||
| 020 | _a70545383 | ||
| 040 |
_aGR-AtMCL _bgre _dGR-AtMCL _eAACR2 |
||
| 245 | 1 | _aSchaum's Outline of Theory and Problems of International Economics / Third Edition | |
| 250 | _a3rd | ||
| 260 |
_bMcgraw Hill, Inc, _c1990 |
||
| 300 | _a248 | ||
| 520 | _aCovers all course fundamentals and supplements any class text - Teaches effective problem-solving techniques - 735 solved problems with complete solutions - Includes hundreds of additional problems with answers. Introduction, The Pure Theory of International Trade: Supply, The Pure Theory of International Trade: Demand and Supply, The Heckscher-Ohlin Theory and Extensions, Dynamic Factors in International Trade: Growth and Development, Trade Restrictions: Tariffs and Other Commercial Policies, The Foreign Exchange Markets, The Balance of Payments, Adjustments in the Balance of Payments: Automatic, Adjustment Policies: Open Economy Macroeconomics, The Monetary Approach to the Balance of Payments and Flexible Versus Fixed Exchange Rates, The International Monetary System: Past and Present, Index. | ||
| 700 | 1 |
_aSalvatore Dominick _94 |
|
| 942 | _cBK | ||
| 999 |
_c2694 _d2694 |
||